Fitokrómok poszttranszlációs módosulásainak funkcionális vizsgálata Arabidopsisban [absztrakt] /

Elmentve itt :
Bibliográfiai részletek
Szerző: Madár Valentina
Testületi szerző: IV. Móra Interdiszciplináris Kárpát-medencei Szakkollégiumi Konferencia
Dokumentumtípus: Könyv része
Megjelent: 2021
Sorozat:Móra Kárpát-medencei Interdiszciplináris Szakkollégiumi Konferencia 4
Kulcsszavak:Növénybiológia - előadáskivonat
Tárgyszavak:
Online Access:http://acta.bibl.u-szeged.hu/83173
LEADER 00909naa a2200205 i 4500
001 acta83173
005 20240119105534.0
008 240119s2021 hu o 1|| hun d
040 |a SZTE Egyetemi Kiadványok Repozitórium  |b hun 
041 |a hun 
100 1 |a Madár Valentina 
245 1 0 |a Fitokrómok poszttranszlációs módosulásainak funkcionális vizsgálata Arabidopsisban   |h [elektronikus dokumentum] :  |b [absztrakt] /  |c  Madár Valentina 
260 |c 2021 
300 |a 31-32 
490 0 |a Móra Kárpát-medencei Interdiszciplináris Szakkollégiumi Konferencia  |v 4 
650 4 |a Természettudományok 
650 4 |a Biológiai tudományok 
695 |a Növénybiológia - előadáskivonat 
711 |a IV. Móra Interdiszciplináris Kárpát-medencei Szakkollégiumi Konferencia  |c Szeged  |d 2021. március 19-20. 
856 4 0 |u http://acta.bibl.u-szeged.hu/83173/1/morakonf_2021_marc_031-032.pdf  |z Dokumentum-elérés